Fenolové látky arónie čiernoplodej

Saved in:
Bibliographic Details
Main Author: Čaklošová, Nikola (Author)
Other Authors: Kreps, František (Thesis advisor)
Format: Manuscript Book
Language:Slovak
Published: 2023
Subjects:
Online Access:http://is.stuba.sk/zp/portal_zp.pl?podrobnosti=169944
Tags: Add Tag
No Tags, Be the first to tag this record!

MARC

LEADER 00000ntm a22000003a 4500
001 stuzp93761
003 SK-STU
005 20230909215959.8
007 ta
008 150427s2015----xo-----f-mn---000-0-slo-d
040 |a STU  |b slo 
041 0 |a slo 
100 1 |a Čaklošová, Nikola  |u 040250  |4 aut  |U FCHPT Ústav potravinárstva a výživy  |T FCHPT Oddelenie potravinárskej technológie  |X 116729  |U C0250  |Y 685  |7 116729 
242 0 1 |a Phenolic Compounds of Black Chokeberry  |y eng 
245 1 0 |a Fenolové látky arónie čiernoplodej 
260 |c 2023 
650 4 |a arónia čiernoplodá  |2 slo 
650 4 |a fenolové zlúčeniny  |2 slo 
650 4 |a antioxidačná aktivita  |2 slo 
650 4 |a extrakcia  |2 slo 
650 4 |a black chokeberry  |2 eng 
650 4 |a phenolic compounds  |2 eng 
650 4 |a antioxidant activity  |2 eng 
650 4 |a extraction  |2 eng 
700 1 |a Kreps, František  |u 040250  |k Z1  |4 ths  |U FCHPT Ústav potravinárstva a výživy  |T FCHPT Oddelenie potravinárskej technológie  |X 40487  |U C0250  |Y 685  |7 A000040487 
856 4 |u http://is.stuba.sk/zp/portal_zp.pl?podrobnosti=169944